000 00317nam a22001337a 4500
008 170606b xxu||||| |||| 00| 0 eng d
020 _a9781566398435
041 _aeng
080 _a94
100 _a18
101 _aSHH
245 _aEXILESMEMORUES STORIES OF IRANIAN DIASPORA
_cSULLIVAN.Z.C
942 _2udc
_cBK
999 _c16129
_d16129